Statistics for Initial D Drivers and Cars

Click here to take the quiz!

General Stats

  • This quiz has been taken 528 times
    (510 since last reset)
  • The average score is 28 of 42

Answer Stats

DriverCar% Correct
Takumi FujiwaraSprinter Trueno AE86
100%
Ryosuke TakahashiRX-7 FC3S
93%
Kyoko IwaseRX-7 FD3S
93%
Keisuke TakahashiRX-7 FD3S
91%
Shinji InuiTrueno AE86 Hatchback
91%
Bunta FujiwaraSubaru Impreza
90%
Takeshi NakazatoSkyline GT R32
87%
Rin HojoSkyline GT R32
87%
Itsuki TakeuchiAE85 Levin
86%
Koichiro IketaniSilvia S13
85%
Kozo HoshinoSkyline GT R34
82%
Atsuro KawaiSkyline GT R34
82%
Kenta NakamuraSilvia S14
79%
Mako SatoNissan Sileighty
76%
Kyoichi SudoLancer Evolution 3 CE9A
73%
Hiroya OkuyamaSilvia S15
73%
Shingo ShojiHonda Civic EG6
71%
Evo Guy (Uphill)Lancer Evolution 5 CP9A
69%
Evo Guy (Downhill)Lancer Evolution 6
69%
Iwaki SeijiLancer Evolution 4 CN9A
68%
SatakeLancer Evolution 4 CN9A
68%
KenjiNissan 180SX
67%
Thunder FireNissan 180SX
67%
Go HojoHonda NSX NA1
65%
Mogi's SugardaddyBenz 190E
64%
Toshiya JoushimaHonda S2000
63%
Tomoyuki TachiType R EK9
62%
Daiki NinomiyaType R EK9
62%
Hideo MinagawaSupra RZ JZA80
60%
KobayakawaLancer Evolution 7 CT9A
59%
Toru SuetsuguMX-5 NA6CE
54%
SakamotoSuzuki Cappuccino
50%
MikiCelica GT4
48%
Smiley SakaiHonda Integra DC2
46%
Ken KogashiwaToyota SW20
45%
Nobuhiko AkiyamaAltezza RS200
43%
Ryuji IkedaFairlady Z Z33
42%
Kai KogashiwaMR-S ZZW30
35%
Satoshi OmiyaRoadster RS NB8C
33%
Yuichi TachibanaToyota Camry
31%
Wataru AkiyamaAE86 Turbo
24%
Fat Guys from TokyoSilvia S15
24%

Score Distribution

Percentile by Number Answered

Percent of People with Each Score

Your Score History

You have not taken this quiz since the last reset